1908 1034 1244 1005 1912 1283 1188 1630 1876 1347 1223 1230 1701 1502 1601 1627 1037 1505 1301 1750 1431 1582 1515 1237 1136 1974 1564 1199 1693 1548 1962 1804 1837 1281 1819 1351 1064 1869 1144 1970 1690 1640 1147 1519 1541 1134 1243 1502 1246 1218 1816 1314 1501 1459 1288 1927 1371 1231 1407 1359 1819 1451 1431 1141 1737 1742 1928 1432 1239 1075 1319 1505 1569 1208 1488 1924 1060 1368 1327 1168 1869 1617 1966 1226 1941 1732 1303 1950 1973 1848 1726 1767 1144 1278 1644 1536 1356 1310 1203 BCNSPRNW ULIB Ver.6.0+V

เปลี่ยนเป็นภาษาไทย

Change to English
 แสดงรายละเอียดบรรณานุกรม
  กลับหน้าหลัก

Brief Record : Get Marc (ISO 2709) : E-mail record : QR code < ปิดหน้าต่าง
LEADER : 00000nam 2200000uu 4500
001    13399126198
003     ULIB
008    180716s2015||||th 000 0 tha d
020    ^a9781107645622
050 00 ^aPE1128^bC172^cV.9
245 10 ^aCambridge practice tests for IELTS 9
260    ^aCambridge :^bCambridge University Press,^c2015
300    ^a176 p.:^bill. ;^c25 cm.
650 00 ^aInternational English Language Testing System.
650 00 ^aEnglish language^xExaminations, questions, etc.
650 00 ^aEnglish language^xTextbooks for foreign speakers
945    ^p0^l0^i26416
999    ^aกัณชพร จุลอักษร
รายการนี้ยังไม่มีแท็ก
คุณยังไม่ได้ล็อกอิน คุณสามารถมีกิจกรรมร่วมกับเว็บไซต์ได้ แต่ต้องล็อกอินก่อน ::
  ล็อกอิน

รายการสื่อสารสนเทศ

ลำดับที่ ประเภท เลขเรียก/บาร์โค้ด สถานที่ สถานะ
1. วิทยาศาสตร์การแพทย์ และสุขภาพ
วิทยาศาสตร์การแพทย์ และสุขภาพ
PE1128 C172 V.9 ฉ.1 
  Barcode: 26416
ห้องสมุดวิทยาเขตนครสวรรค์
►หนังสือทั่วไป:l:General Books
บนชั้น

รายการใกล้เคียง
    ชื่อเรื่อง [Cambridge practice tests for IELTS 9]

    หัวเรื่อง [International English Language Testing System.]

BibComment


ยังไม่เคยถูกคอมเมนท์

คอมเมนท์ทรัพยากรรายการนี้
  คอมเมนท์: Cambridge practi..


 Copyright 2026. Bcnsprnw @Library